000 00316nam a22001457a 4500
008 210603b ||||| |||| 00| 0 eng d
020 _a9781256405610
041 _aeng
080 _a510
082 _a510
100 _a36
101 _aMAT
245 _aCollege Algebra Essentials
_cBlitzer,R
942 _2udc
_cBK
999 _c57938
_d57938